Избранное (Запись № 1131335)

Подробности
000 -МАРКЕР
контрольное поле 02129nam0a2200397 4500
001 - ИДЕНТИФИКАТОР ЗАПИСИ
контрольное поле RU\NLR\bibl\1694948
005 - ИДЕНТИФИКАТОР ВЕРСИИ
контрольное поле 20260405212814.0
010 ## - МЕЖДУНАРОДНЫЙ СТАНДАРТНЫЙ НОМЕР КНИГИ (ISBN)
Номер (ISBN) 978-5-98209-105-5
Тираж 500
021 ## - НОМЕР ГОСУДАРСТВЕННОЙ РЕГИСТРАЦИИ
Код страны российская федерация
Номер 2010-75353
Номер Листа государственной регистраци 5008
035 ## - ДРУГИЕ СИСТЕМНЫЕ НОМЕРА
Идентификатор записи (NLR Aleph) 001686050
100 ## - ДАННЫЕ ОБЩЕЙ ОБРАБОТКИ
Данные общей обработки 20101004d2010 |||y0rusy50 ca
101 0# - ЯЗЫК РЕСУРСА
Язык текста, звукозаписи и т.д. русский
Язык резюме английский
102 ## - СТРАНА ПУБЛИКАЦИИ ИЛИ ПРОИЗВОДСТВА
Страна публикации российская федерация
105 ## - ПОЛЕ КОДИРОВАННЫХ ДАННЫХ: ТЕКСТОВЫЕ МАТЕРИАЛЫ, МОНОГРАФИЧЕСКИЕ
Кодированные данные о монографическом текстовом документе y |||||||||
200 1# - ЗАГЛАВИЕ И СВЕДЕНИЯ ОБ ОТВЕТСТВЕННОСТИ
Основное заглавие Избранное
Параллельное заглавие Selected works
Первые сведения об ответственности Борис Сергеевич Никифоров
Последующие сведения об ответственности Ин-т законодательства и сравнительного правоведения при Правительстве Российской Федерации
Язык параллельного заглавия английский
210 ## - ПУБЛИКАЦИЯ, РАСПРОСТРАНЕНИЕ И ДР.
Место издания, распространения и т.д. Москва
Имя издателя, распространителя и т. д. Институт законодательства и сравнительного правоведения при Правительстве Российской Федерации
Дата издания, распространения и т.д. 2010
215 ## - ФИЗИЧЕСКАЯ ХАРАКТЕРИСТИКА
Специфическое обозначение материала и объем 221, [2] с.
Размеры 22
225 1# - СЕРИЯ
Основное заглавие серии Юридическое наследие XX века
300 ## - ОБЩИЕ ПРИМЕЧАНИЯ
Текст примечания Авт. также на англ. яз.: B.S. Nickiforov
300 ## - ОБЩИЕ ПРИМЕЧАНИЯ
Текст примечания Рез. также на англ. яз.
300 ## - ОБЩИЕ ПРИМЕЧАНИЯ
Текст примечания К 85-летию Ин-та законодательства и сравнит. правоведения при Правительстве Рос. Федерации.
300 ## - ОБЩИЕ ПРИМЕЧАНИЯ
Текст примечания На 3 с. авт.: Б.С. Никифоров - д.ю.н., проф.
320 ## - ПРИМЕЧАНИЯ О НАЛИЧИИ В ДОКУМЕНТЕ БИБЛИОГРАФИИ / УКАЗАТЕЛЯ
Текст примечания Библиогр.: с. 222 (10 назв.) и в подстроч. прим.
510 1# - ПАРАЛЛЕЛЬНОЕ ЗАГЛАВИЕ
Связь между полями z24790
Параллельное заглавие Selected works
Язык заглавия английский
606 1# - НАИМЕНОВАНИЕ ТЕМЫ КАК ПРЕДМЕТ
Наименование темы Уголовное право
Формальный подзаголовок Сборники
Географический подзаголовок СССР
Системный номер авторитетной/нормативной записи 1116296
Идентификатор авторитетной/нормативной записи RU\NLR\auth\66441615
686 ## - ИНДЕКСЫ ДРУГИХ КЛАССИФИКАЦИЙ
Индекс Х628.1я44
700 #1 - ИМЯ ЛИЦА - ПЕРВИЧНАЯ ОТВЕТСТВЕННОСТЬ
Код отношения Автор
Материалы, к которым относится поле rus
Графика поля Кириллица
Начальный элемент ввода Никифоров
Часть имени, кроме начального элемента ввода Б. С.
Дополнения к именам, кроме дат д-р юрид. наук
Даты 1913-1981
Расширение инициалов личного имени Борис Сергеевич
Идентификатор авторитетной/нормативной записи RU\NLR\auth\7795876
Системный номер авторитетной/нормативной записи 78802
790 #1 - ИМЯ ЛИЦА - АЛЬТЕРНАТИВНАЯ ФОРМА
Код отношения Автор
Материалы, к которым относится поле rus
Графика поля Латинская
Начальный элемент ввода Nikiforov
Часть имени, кроме начального элемента ввода B. S.
Дополнения к именам, кроме дат д-р юрид. наук
Даты 1913-1981
Расширение инициалов личного имени Boris Sergeevič
Идентификатор авторитетной/нормативной записи RU\NLR\auth\7795877
Системный номер авторитетной/нормативной записи 78803
801 #0 - ИСТОЧНИК ЗАПИСИ
Страна российская федерация
Организация РГБ
Дата составления 20101004
Правила каталогизации rcr
801 #1 - ИСТОЧНИК ЗАПИСИ
Страна российская федерация
Организация РГБ
Дата составления 20101004
801 #2 - ИСТОЧНИК ЗАПИСИ
Страна российская федерация
Организация NLR
Дата составления 20101108
Правила каталогизации rcr
830 ## - ОБЩЕЕ ПРИМЕЧАНИЕ, СОСТАВЛЕННОЕ КАТАЛОГИЗАТОРОМ
Текст примечания авт. по кн.
942 ## - ДОПОЛНИТЕЛЬНЫЕ ЭЛЕМЕНТЫ ЗАПИСИ (АБИС)
Тип экземпляра АБИС Книга
980 ## - КОЛЛЕКЦИЯ
Название коллекции Национальная библиография
Экземпляры
Тип экземпляра Дата поступления Источник поступления Библиотека постоянного хранения Библиотека текущего хранения Место хранения Шифр хранения Штрих-код Статус не для выдачи
Книга 08.11.2010 Обязательный экземпляр РНБ (Московский) РНБ (Московский) Русский книжный фонд: издания с 1957 года, 8этаж 2010-5/9520 1-1517819  
Книга 08.11.2010 Обязательный экземпляр РНБ (Московский) РНБ (Московский) Русский книжный фонд: издания с 1957 года, 8этаж 2010-5/9520 3283976